00657nam a22001817a 4500003000500000038001800005082000800023100003300031245010100064264003400165300002500199650003700224700003900261856005800300942001200358999001900370952008600389NUST aNusrat Nadeem a200 aMaqbool Sundus Naila9124176 aEffect of combinatorial drug therapy on the progression of breast cancer/cSundus Naila Maqbool  aIslamabad;bASAB NUST;c2023. a135,p;bill;c30,cm. aPhD-Applied Biosciences 9123210 aSupervisor:Dr.Rumeza Hanif9124148 u http://10.250.8.41:8080/xmlui/handle/123456789/30253 2ddccSC c610116d610116 00104070aCLbCLcTHEd2024-07-08l0o200pCLPT-305r2024-07-08w2024-07-08ySC